00504nam a2200181 a 4500001001300000003000900013005001700022008004100039020002300080082001500103100002200118245006500140260003300205300000900238500003500247650001800282700002200300nice12345678IN_TiNIC20260116014349.0100326s2006 usaa grp 000 0 eng  a9781932805475c12500a227.3bLEO aLeod, F Wayne Mac a1 Corinthiansb Principles for Living in Christian Community aUSA bAuthentic Media c2006 a183p aincludes index and biblioraphy aCorinthians I1 aLeod, F Wayne Mac